<?xml version="1.0" encoding="UTF-8"?>
<record
    xmlns:xsi="http://www.w3.org/2001/XMLSchema-instance"
    xsi:schemaLocation="http://www.loc.gov/MARC21/slim http://www.loc.gov/standards/marcxml/schema/MARC21slim.xsd"
    xmlns="http://www.loc.gov/MARC21/slim">

  <leader>00648nam a22001337a 4500</leader>
  <datafield tag="040" ind1=" " ind2=" ">
    <subfield code="c">RUA</subfield>
  </datafield>
  <datafield tag="082" ind1=" " ind2=" ">
    <subfield code="a">AGR NUT 2015 B538 Or.</subfield>
  </datafield>
  <datafield tag="100" ind1=" " ind2=" ">
    <subfield code="a">NUT VORLEAK; &#x1793;&#x17BB;&#x178F; &#x179C;&#x179B;&#x17D0;&#x1780;&#x17D2;&#x1781;</subfield>
  </datafield>
  <datafield tag="245" ind1=" " ind2=" ">
    <subfield code="a">Effectiveness of compost tea on celery cabbage at Royal university of Agriculture; &#x1794;&#x17D2;&#x179A;&#x179F;&#x17B7;&#x1791;&#x17D2;&#x1792;&#x1797;&#x17B6;&#x1796;&#x1793;&#x17C3;&#x1780;&#x17B6;&#x179A;&#x1794;&#x17D2;&#x179A;&#x17BE;&#x1794;&#x17D2;&#x179A;&#x17B6;&#x179F;&#x17CB;&#x1780;&#x17C6;&#x1794;&#x17C9;&#x17BB;&#x179F;&#x17D2;&#x178F;&#x17CD;&#x178F;&#x17C2;&#x179B;&#x17BE;&#x178A;&#x17C6;&#x178E;&#x17B6;&#x17C6;&#x179F;&#x17D2;&#x1796;&#x17C3;&#x1785;&#x1784;&#x17D2;&#x1780;&#x17B9;&#x17C7;&#x1793;&#x17C5;&#x179F;&#x17B6;&#x1780;&#x179B;&#x179C;&#x17B7;&#x1791;&#x17D2;&#x1799;&#x17B6;&#x179B;&#x17D0;&#x1799;&#x1797;&#x17BC;&#x1798;&#x17B7;&#x1793;&#x17D2;&#x1791;&#x1780;&#x179F;&#x17B7;&#x1780;&#x1798;&#x17D2;&#x1798;</subfield>
  </datafield>
  <datafield tag="260" ind1=" " ind2=" ">
    <subfield code="a">Phnom Penh </subfield>
    <subfield code="b">RUA</subfield>
    <subfield code="c">2015</subfield>
  </datafield>
  <datafield tag="300" ind1=" " ind2=" ">
    <subfield code="a">xiii; 53p;</subfield>
    <subfield code="b">ill;</subfield>
    <subfield code="c">29cm;</subfield>
  </datafield>
  <datafield tag="856" ind1=" " ind2=" ">
    <subfield code="u"> NUT VORLEAK</subfield>
  </datafield>
  <datafield tag="942" ind1=" " ind2=" ">
    <subfield code="c">AGR</subfield>
  </datafield>
  <datafield tag="999" ind1=" " ind2=" ">
    <subfield code="c">10946</subfield>
    <subfield code="d">10946</subfield>
  </datafield>
  <datafield tag="952" ind1=" " ind2=" ">
    <subfield code="0">0</subfield>
    <subfield code="1">0</subfield>
    <subfield code="2">ddc</subfield>
    <subfield code="4">0</subfield>
    <subfield code="6">AGR_NUT_2015_000000000000000_B538_OR_1</subfield>
    <subfield code="7">0</subfield>
    <subfield code="9">57697</subfield>
    <subfield code="a">LBB</subfield>
    <subfield code="b">LBB</subfield>
    <subfield code="c">B538</subfield>
    <subfield code="d">2016-11-25</subfield>
    <subfield code="o">AGR NUT 2015 B538 Or.1</subfield>
    <subfield code="p">A05579</subfield>
    <subfield code="r">2016-11-25</subfield>
    <subfield code="w">2016-11-25</subfield>
    <subfield code="y">AGR</subfield>
  </datafield>
  <datafield tag="952" ind1=" " ind2=" ">
    <subfield code="0">0</subfield>
    <subfield code="1">0</subfield>
    <subfield code="2">ddc</subfield>
    <subfield code="4">0</subfield>
    <subfield code="6">AGR_NUT_2015_000000000000000_B538_OR_2</subfield>
    <subfield code="7">0</subfield>
    <subfield code="9">57698</subfield>
    <subfield code="a">LBB</subfield>
    <subfield code="b">LBB</subfield>
    <subfield code="c">B538</subfield>
    <subfield code="d">2016-11-25</subfield>
    <subfield code="l">4</subfield>
    <subfield code="o">AGR NUT 2015 B538 Or.2</subfield>
    <subfield code="p">A05304</subfield>
    <subfield code="r">2019-08-09</subfield>
    <subfield code="s">2019-07-31</subfield>
    <subfield code="w">2016-11-25</subfield>
    <subfield code="y">AGR</subfield>
  </datafield>
  <datafield tag="952" ind1=" " ind2=" ">
    <subfield code="0">0</subfield>
    <subfield code="1">0</subfield>
    <subfield code="2">ddc</subfield>
    <subfield code="4">0</subfield>
    <subfield code="6">AGR_NUT_2015_000000000000000_B538_OR_3</subfield>
    <subfield code="7">0</subfield>
    <subfield code="9">57699</subfield>
    <subfield code="a">LBB</subfield>
    <subfield code="b">LBB</subfield>
    <subfield code="c">B538</subfield>
    <subfield code="d">2016-11-25</subfield>
    <subfield code="o">AGR NUT 2015 B538 Or.3</subfield>
    <subfield code="p">A05428</subfield>
    <subfield code="r">2016-11-25</subfield>
    <subfield code="w">2016-11-25</subfield>
    <subfield code="y">AGR</subfield>
  </datafield>
  <datafield tag="952" ind1=" " ind2=" ">
    <subfield code="0">0</subfield>
    <subfield code="1">0</subfield>
    <subfield code="2">ddc</subfield>
    <subfield code="4">0</subfield>
    <subfield code="6">AGR_NUT_2015_000000000000000_B538_OR_4</subfield>
    <subfield code="7">0</subfield>
    <subfield code="9">57700</subfield>
    <subfield code="a">LBB</subfield>
    <subfield code="b">LBB</subfield>
    <subfield code="c">B538</subfield>
    <subfield code="d">2016-11-25</subfield>
    <subfield code="o">AGR NUT 2015 B538 Or.4</subfield>
    <subfield code="p">A05364</subfield>
    <subfield code="r">2016-11-25</subfield>
    <subfield code="w">2016-11-25</subfield>
    <subfield code="y">AGR</subfield>
  </datafield>
  <datafield tag="952" ind1=" " ind2=" ">
    <subfield code="0">0</subfield>
    <subfield code="1">0</subfield>
    <subfield code="2">ddc</subfield>
    <subfield code="4">0</subfield>
    <subfield code="6">AGR_NUT_2015_000000000000000_B538_OR_6</subfield>
    <subfield code="7">0</subfield>
    <subfield code="9">57701</subfield>
    <subfield code="a">LBB</subfield>
    <subfield code="b">LBB</subfield>
    <subfield code="c">B538</subfield>
    <subfield code="d">2016-11-25</subfield>
    <subfield code="o">AGR NUT 2015 B538 Or.6</subfield>
    <subfield code="p">A05584</subfield>
    <subfield code="r">2016-11-25</subfield>
    <subfield code="w">2016-11-25</subfield>
    <subfield code="y">AGR</subfield>
  </datafield>
  <datafield tag="952" ind1=" " ind2=" ">
    <subfield code="0">0</subfield>
    <subfield code="1">0</subfield>
    <subfield code="2">ddc</subfield>
    <subfield code="4">0</subfield>
    <subfield code="6">AGR_NUT_2015_000000000000000_B538_OR_6</subfield>
    <subfield code="7">0</subfield>
    <subfield code="9">57702</subfield>
    <subfield code="a">LBB</subfield>
    <subfield code="b">LBB</subfield>
    <subfield code="c">B538</subfield>
    <subfield code="d">2016-11-25</subfield>
    <subfield code="l">2</subfield>
    <subfield code="o">AGR NUT 2015 B538 Or.6</subfield>
    <subfield code="p">A05509</subfield>
    <subfield code="r">2017-08-09</subfield>
    <subfield code="s">2017-08-08</subfield>
    <subfield code="w">2016-11-25</subfield>
    <subfield code="y">AGR</subfield>
  </datafield>
  <datafield tag="952" ind1=" " ind2=" ">
    <subfield code="0">0</subfield>
    <subfield code="1">0</subfield>
    <subfield code="2">ddc</subfield>
    <subfield code="4">0</subfield>
    <subfield code="6">AGR_NUT_2015_000000000000000_B538_OR_7</subfield>
    <subfield code="7">0</subfield>
    <subfield code="9">57703</subfield>
    <subfield code="a">LBB</subfield>
    <subfield code="b">LBB</subfield>
    <subfield code="c">B538</subfield>
    <subfield code="d">2016-11-25</subfield>
    <subfield code="l">2</subfield>
    <subfield code="o">AGR NUT 2015 B538 Or.7</subfield>
    <subfield code="p">A05434</subfield>
    <subfield code="r">2020-01-08</subfield>
    <subfield code="s">2019-12-31</subfield>
    <subfield code="w">2016-11-25</subfield>
    <subfield code="y">AGR</subfield>
  </datafield>
  <datafield tag="952" ind1=" " ind2=" ">
    <subfield code="0">0</subfield>
    <subfield code="1">0</subfield>
    <subfield code="2">ddc</subfield>
    <subfield code="4">0</subfield>
    <subfield code="6">AGR_NUT_2015_000000000000000_B538_OR_8</subfield>
    <subfield code="7">0</subfield>
    <subfield code="9">57704</subfield>
    <subfield code="a">LBB</subfield>
    <subfield code="b">LBB</subfield>
    <subfield code="c">B538</subfield>
    <subfield code="d">2016-11-25</subfield>
    <subfield code="l">3</subfield>
    <subfield code="o">AGR NUT 2015 B538 Or.8</subfield>
    <subfield code="p">A05359</subfield>
    <subfield code="r">2023-10-03</subfield>
    <subfield code="s">2023-09-29</subfield>
    <subfield code="w">2016-11-25</subfield>
    <subfield code="y">AGR</subfield>
  </datafield>
</record>
